Designing solutions for your business problems : A structured process for managers and consultants
The book presents a rational approach to juggling quality and cost factors when problem-solving business situations. Author applies diagnostic hypotheses to project planning, emphasizing client goals and relationships rather than the problem or problem-solver's expertise. Appendices detail proc...
Wedi'i Gadw mewn:
| Prif Awdur: | |
|---|---|
| Fformat: | Llyfr |
| Iaith: | Undetermined |
| Cyhoeddwyd: |
San Francisco
Jossey-Bass
2003
|
| Pynciau: | |
| Tagiau: |
Ychwanegu Tag
Dim Tagiau, Byddwch y cyntaf i dagio'r cofnod hwn!
|
| Thư viện lưu trữ: | Trung tâm Học liệu Trường Đại học Cần Thơ |
|---|
| LEADER | 01176nam a2200217Ia 4500 | ||
|---|---|---|---|
| 001 | CTU_212610 | ||
| 008 | 210402s9999 xx 000 0 und d | ||
| 082 | |a 658.403 | ||
| 082 | |b V227 | ||
| 100 | |a Vandenbosch, Betty | ||
| 245 | 0 | |a Designing solutions for your business problems : | |
| 245 | 2 | |b A structured process for managers and consultants | |
| 245 | 0 | |c Betty Vandenbosch | |
| 260 | |a San Francisco | ||
| 260 | |b Jossey-Bass | ||
| 260 | |c 2003 | ||
| 520 | |a The book presents a rational approach to juggling quality and cost factors when problem-solving business situations. Author applies diagnostic hypotheses to project planning, emphasizing client goals and relationships rather than the problem or problem-solver's expertise. Appendices detail process mapping and interviewing as solution design tools. Some real world examples are included but not extended case studies. CD-ROM contents are not specified. (booknews.com) | ||
| 650 | |a Problem solving,Management,Business consultants | ||
| 904 | |i Tuyến | ||
| 910 | |a Sách kèm đĩa: AV.000741, AV.000737, AV.000738, AV.000739, AV.000740 | ||
| 980 | |a Trung tâm Học liệu Trường Đại học Cần Thơ | ||